Risk assessment on clinical waste activity for a selected dialysis activity /
Saved in:
| Main Author: | |
|---|---|
| Format: | Thesis Book |
| Language: | English |
| Published: |
2022.
|
| Subjects: | |
| Online Access: | http://studentsrepo.um.edu.my/14320/ |
| Tags: |
Add Tag
No Tags, Be the first to tag this record!
|
| LEADER | 01378nam a2200337 i 4500 | ||
|---|---|---|---|
| 001 | u1158921 | ||
| 003 | SIRSI | ||
| 005 | 202210171510 | ||
| 008 | 221017s 2022my a m 000 0 eng | ||
| 040 | |a UMM |e rda | ||
| 097 | |a TD7 |b UM 2022 Farhn | ||
| 100 | 0 | |a Farid Hakem Nozlan, |e author. | |
| 245 | 1 | 0 | |a Risk assessment on clinical waste activity for a selected dialysis activity / |c Farid Hakem Nozlan. |
| 264 | 1 | |c 2022. | |
| 300 | |a v, 67 leaves : |b illustrations ; |c 30 cm | ||
| 336 | |a text |2 rdacontent | ||
| 336 | |a still image |2 rdacontent | ||
| 337 | |a unmediated |2 rdamedia | ||
| 337 | |a computer2rdamedia | ||
| 338 | |a volume |2 rdacarrier | ||
| 338 | |a computer disc |2 rdacarrier | ||
| 502 | |a M.Eng. |c Jabatan Kejuruteraan Kimia, Fakulti Kejuruteraan, Universiti Malaya |d 2022. | ||
| 504 | |a Bibliography: leaves 52-53. | ||
| 650 | 0 | |a Medical wastes. | |
| 650 | 0 | |a Dialysis |x Waste disposal. | |
| 650 | 0 | |a Dialysis |x Waste disposal |x Risk assessment. | |
| 710 | 2 | |a Universiti Malaya. |b Jabatan Kejuruteraan Kimia, |e degree granting institution. | |
| 856 | 4 | 1 | |u http://studentsrepo.um.edu.my/14320/ |
| 596 | |a 7 | ||
| 900 | |a FNM US | ||
| 999 | |a TD7 UM 2022 FARHN |w LC |c 1 |i A517738828 |f 24/2/2023 |g 1 |l STACKS |m P07JURUTER |r Y |s Y |t TESIS |u 10/11/2022 |o .STAFF. CD dan Dokumen berda di Perpustakaan Kejuruteraan |o .STAFF. kandungan tesis telah dimuatnaik ke dalam repositori-CD shadowed-SMS | ||
